[Event "CRO-chT3 East-A"]
[Site "Croatia"]
[Date "2005.03.13"]
[Round "1.3"]
[White "Golubic, Miroslav"]
[Black "Matosevic, Pavle"]
[Result "0-1"]
[WhiteElo "1949"]
[BlackElo "2010"]
[PlyCount "112"]
[EventDate "2005.03.13"]
[EventType "team-tourn"]
[EventRounds "11"]
[EventCountry "CRO"]
[SourceTitle "EXT 2007"]
[Source "ChessBase"]
[SourceDate "2006.11.23"]
[SourceVersion "1"]
[SourceVersionDate "2006.11.23"]
[SourceQuality "1"]
[WhiteTeam "Spisice Bukovica"]
[BlackTeam "Nova Gradiska"]
[WhiteTeamCountry "CRO"]
[BlackTeamCountry "CRO"]

1. e4 g6 2. d4 Bg7 3. Nf3 d6 4. Bc4 Nc6 5. c3 a6 6. 0-0 e5 7. h3 Bd7 8. Bg5 f6 9. Be3 Qe7 10. Nbd2 Nh6 11. b4 Rd8 12. Re1 Nf7 13. Nf1 0-0 14. Ng3 Kh8 15. a3 Nb8 16. Qd2 Bc8 17. Bb3 Be6 18. d5 Bc8 19. Bc2 Rg8 20. Nh2 Qf8 21. Rf1 Nh6 22. Rae1 f5 23. exf5 Nxf5 24. Nxf5 gxf5 25. f4 e4 26. Kh1 Re8 27. g4 Qf7 28. Rg1 b5 29. Re2 Bb7 30. Bb3 Nd7 31. gxf5 Qxf5 32. Reg2 Nf6 33. Rg5 Qxh3 34. R1g3 Qh4 35. Qg2 Nh5 36. Rxh5 Qxh5 37. Rh3 Qf7 38. Rxh7+ Kxh7 39. Qh3+ Bh6 40. f5 Qg7 41. Ng4 Ref8 42. Bxh6 Qxg4 43. Qxg4 Rxg4 44. Bxf8 e3 45. Bd1 Rf4 46. Kg1 Bxd5 47. Be7 Bc4 48. Bg5 Rf1+ 49. Kg2 Rxd1 50. Bxe3 Rf1 51. Bf2 Kh6 52. Be3+ Kg7 53. Bd4+ Kf7 54. f6 Ra1 55. Kf3 Rxa3 56. Ke4 c6 0-1